000 00251nam a22001097a 4500
008 170111b xxu||||| |||| 00| 0 eng d
020 _a9781401819897
041 _aeng
080 _22ND
_a618.2
245 _aNURSING PROCESS
_cSEABACK, W
942 _2udc
_cBK
999 _c2698
_d2698